| 000 | 00484 a2200181 4500 | ||
|---|---|---|---|
| 003 | Nust | ||
| 005 | 20230307120007.0 | ||
| 040 | _cNust | ||
| 082 | _a355.30954,TUK | ||
| 100 |
_aTuker Francis _9109943 |
||
| 245 |
_aWhile Memory Serves / _cSir Francis Tuker |
||
| 260 |
_aLondon _bCassell _c1950 |
||
| 300 | _axiv,668 p.; | ||
| 505 | _aBook I: 1946 (Page-9), Book II: 1947 (Page-207), | ||
| 600 |
_aSir Francis Tuker _9109944 |
||
| 650 |
_aMemory Serves _9109945 |
||
| 942 |
_2ddc _cBK |
||
| 999 |
_c185829 _d185829 |
||